The arraignments, tryals and condemnations of Charles Cranburne and Robert Lowick for the horrid and execrable conspiracy to assassinate His Sacred Majesty King William in order to a French invasion of this kingdom : who upon full evidence were found guilty of high-treason before His Majesty's justices of Oyer and Terminer at Westminster, and received sentence the 22d. of April, 1696, and were executed at Tyburn the 29th of the said month : in which tryals are contained all the learned arguments of the King's councel, and likewise the councel for the prisoners, upon the new act of Parliament for regulating tryals in cases of treason.

Bibliographic Details
Main Author: Cranburne, Charles, -1696
Other Authors: Lowick, Robert, -1696
Format: Microform Book
Language:English
Series:Early English books, 1641-1700 ; 374:2.
Subjects:

MARC

Tag First Indicator Second Indicator Subfields
LEADER 00000cam a2200000 a 4500
001 in00000948708
005 20150925135938.0
007 hd afv|||baca
008 851028s1696 miu a 00010 eng d
035 |a (OCoLC)12728894 
035 |9 AES6000AM 
037 |a CL0037000011  |b UMI 
037 |b University Microfilms International, 300 N. Zeeb Road, Ann Arbor, MI 48106. 
040 |a EAA  |c EAA  |d m/c  |d UtOrBLW 
043 |a e-uk-en 
045 1 |b d16960422  |b d16960429 
049 |a TXAI 
099 |a film   |a  B   |a  3609 
100 1 |a Cranburne, Charles,  |d -1696. 
245 1 4 |a The arraignments, tryals and condemnations of Charles Cranburne and Robert Lowick for the horrid and execrable conspiracy to assassinate His Sacred Majesty King William in order to a French invasion of this kingdom :  |b who upon full evidence were found guilty of high-treason before His Majesty's justices of Oyer and Terminer at Westminster, and received sentence the 22d. of April, 1696, and were executed at Tyburn the 29th of the said month : in which tryals are contained all the learned arguments of the King's councel, and likewise the councel for the prisoners, upon the new act of Parliament for regulating tryals in cases of treason. 
264 3 |a London :  |b Printed for Samuel Heyrick ... and Isaac Cleave ...,  |c 1696. 
300 |a 4 unnumbered pages, 72 pages 
336 |a text  |b txt  |2 rdacontent 
337 |a microform  |b h  |2 rdamedia 
338 |a microfilm reel  |b hd  |2 rdacarrier 
500 |a "The arraignment, tryal, and condemnation of Robert Lowick for the horrid ... conspiracy" (pages [33]-72) has special title page. 
500 |a Advertisement on page [1] and page 72. 
500 |a Reproduction of original in Huntington Library. 
510 4 |a Wing  |c A3767 
533 |a Microfilm.  |b Ann Arbor, Mich. :  |c University Microfilms,  |d 1971.  |e 1 microfilm reel. 35 mm.  |f (Early English books, 1641-1700 ; 374:2) 
500 |a Microform. 
600 1 0 |a Cranburne, Charles,  |d -1696  |x Trials, litigation, etc. 
600 1 0 |a Lowick, Robert,  |d -1696  |x Trials, litigation, etc. 
600 0 0 |a William  |b III,  |c King of England,  |d 1650-1702. 
700 1 |a Lowick, Robert,  |d -1696. 
830 0 |a Early English books, 1641-1700 ;  |v 374:2. 
999 |a MARS 
999 f f |s ada5bd84-1b28-371b-81c9-63c004420227  |i fbadc594-c472-374d-adac-66902951b78e  |t 0 
952 f f |p default  |a Texas A&M University  |b College Station  |c Sterling C. Evans Library  |d Evans: Microforms (3rd floor)  |t 0  |e film B 3609 374:2  |h Other scheme  |i microform -- microfilm reel 
998 f f |a film B 3609 374:2  |t 0  |l Evans: Microforms (3rd floor)